书目信息 |
| 题名: |
中华民族传统节日文化读本
|
|
| 作者: | 丁睿 编著 | |
| 分册: | ||
| 出版信息: | 北京 中国书籍出版社 2013.7 |
|
| 页数: | 266页 | |
| 开本: | 24cm | |
| 丛书名: | ||
| 单 册: | ||
| 中图分类: | K892.1 | |
| 科图分类: | ||
| 主题词: | 节日--风俗习惯--中国 , 节日 , 风俗习惯 | |
| 电子资源: | ||
| ISBN: | 978-7-5068-2956-4 | |
| 000 | 01019nam0 2200253 45 | |
| 001 | 1360566124 | |
| 005 | 20130603093004.92 | |
| 010 | @a978-7-5068-2956-4@dCNY48.00 | |
| 100 | @a20130513d2013 em y0chiy50 ea | |
| 101 | 0 | @achi |
| 102 | @aCN@b110000 | |
| 105 | @aa z 000yy | |
| 106 | @ar | |
| 200 | 1 | @a中华民族传统节日文化读本@AZhong Hua Min Zu Chuan Tong Jie Ri Wen Hua Dou Ben@f丁睿编著@FDing Rui Bian Zhu |
| 210 | @a北京@c中国书籍出版社@d2013.7 | |
| 215 | @a266页@c图@d24cm | |
| 330 | @a本书主要介绍了我国较重要的传统节日及其相关文化内涵,包括春节、元宵节、清明节、端午节、七夕节、中秋节、重阳节、冬至节等八个主要节日的由来、传说、习俗及相关诗歌。同时,还介绍了其他一些不为大家熟知的一些传统节日,以及我国各少数民族的一些主要传统节日,是一本包含了中华各民族传统节日文化的综合性读物。 | |
| 606 | 0 | @a节日@x风俗习惯@y中国 |
| 606 | 0 | @a节日 |
| 606 | 0 | @a风俗习惯 |
| 690 | @aK892.1@v5 | |
| 701 | 0 | @a丁睿@ADing Rui@f(1966-)@4编著 |
| 801 | @aCN@bTANGWEI@c20130523 | |
| 905 | @b0835562-64@dK892.1@e183@f3 | |
| 中华民族传统节日文化读本/丁睿编著.-北京:中国书籍出版社,2013.7 |
| 266页:图;24cm |
| ISBN 978-7-5068-2956-4:CNY48.00 |
| 本书主要介绍了我国较重要的传统节日及其相关文化内涵,包括春节、元宵节、清明节、端午节、七夕节、中秋节、重阳节、冬至节等八个主要节日的由来、传说、习俗及相关诗歌。同时,还介绍了其他一些不为大家熟知的一些传统节日,以及我国各少数民族的一些主要传统节日,是一本包含了中华各民族传统节日文化的综合性读物。 |
| ● |
| 相关链接 |
|
|
|
|
正题名:中华民族传统节日文化读本
索取号:K892.1/183
 
预约/预借
| 序号 | 登录号 | 条形码 | 馆藏地/架位号 | 状态 | 备注 |
| 1 | 0835562 | 208355625 | 第二样本阅览室/ [索取号:K892.1/183] | 在馆 | |
| 2 | 0835563 | 208355634 | 第二借阅区/ [索取号:K892.1/183] | 在馆 | |
| 3 | 0835564 | 208355643 | 第二借阅区/ [索取号:K892.1/183] | 在馆 |